| 000 | 00527nam a22001937a 4500 | ||
|---|---|---|---|
| 003 | MPLRDC | ||
| 005 | 20220104114012.0 | ||
| 008 | 210129b ||||| |||| 00| 0 eng d | ||
| 020 | _a7-303-02156-6 | ||
| 082 | _a855 JSND v.5 | ||
| 100 | _a张拓芜著; 汤淑敏选编 | ||
| 245 |
_a坐对一山愁 _c |
||
| 250 | _a一版一刷 | ||
| 260 |
_a _b北京师范大学出版社 _c1993 |
||
| 300 | _b平 | ||
| 490 | _a九十年代海外华文散文名作书系 | ||
| 650 | _a散文;随笔、日记 | ||
| 942 |
_cBK _o855 JSND v.5 |
||
| 999 |
_c4047 _d4037 |
||